| 000 | 01437nam0a22003131 4500 | ||
|---|---|---|---|
| 001 | rc\2272344 | ||
| 005 | 20250623035241.0 | ||
| 035 | _a(NLR Aleph) 006553156 | ||
| 090 |
_a6762596 _c6762596 |
||
| 100 | _a20110829d1979 |||y0rusy50 ca | ||
| 101 | 0 | _arus | |
| 102 | _aRU | ||
| 105 | _ay i ||||| | ||
| 200 | 1 |
_aПрогнозирование изменений водного баланса, вызванных развитием промышленности _e[Доклад] _eМеждунар. симпоз. по специф. аспектам гидрол. расчетов для водохоз. проектирования [3-7 сент. 1979 г., Ленинград] |
|
| 210 |
_aМосква _cГидрометеоиздат. Моск. отд-ние _d1979 |
||
| 215 |
_a12 с. _cграф. _d20 |
||
| 300 | _aВ надзаг.: ЮНЕСКО, Междунар. гидрол. программа | ||
| 320 | _aБиблиогр. в конце текста (5 назв.) | ||
| 606 |
_aВодный баланс земной поверхности _xЗначение антропического фактора _2psbo |
||
| 686 |
_aД222.2...,0 _2rubbk |
||
| 686 |
_aД9(44Че)22...,0 _2rubbk |
||
| 700 | 1 |
_aБалек _bЯ. _gЯрослав |
|
| 801 | 0 |
_aRU _bNLR _gpsbo |
|
| 801 | 1 |
_aRU _bELAR _2rusmarc |
|
| 852 |
_aNLR _j79-4/26502 |
||
| 899 |
_aRuMoRGB _jБ 79-8/125 |
||
| 899 |
_aRuMoRGB _jБ 79-8/127 |
||
| 942 | _cBOOK | ||
| 980 | _aNB | ||